Hábitat y el derecho a la vivienda digna / (Registro nro. 31095)

Detalles MARC
000 -LEADER
fixed length control field 01502nam a22002897a 4500
003 - CONTROL NUMBER IDENTIFIER
control field OSt
005 - DATE AND TIME OF LATEST TRANSACTION
control field 20250929160318.0
008 - FIXED-LENGTH DATA ELEMENTS--GENERAL INFORMATION
fixed length control field 250929b |||ao||| |||| 00| 0 spa d
020 ## - INTERNATIONAL STANDARD BOOK NUMBER
International Standard Book Number 9583392650
037 ## - SOURCE OF ACQUISITION
Source of stock number/acquisition Donación
040 ## - CATALOGING SOURCE
Original cataloging agency CO-JMCR
Language of cataloging spa
Transcribing agency CO-JMCR
Modifying agency CO-JMCR
Description conventions rda
041 0# - LANGUAGE CODE
Language code of text/sound track or separate title spa
082 04 - DEWEY DECIMAL CLASSIFICATION NUMBER
Classification number 363.5
Item number F72h
Edition number 23
111 2# - MAIN ENTRY--MEETING NAME
Meeting name or jurisdiction name as entry element Foro Hábitat y el Derecho a la Vivienda Digna (
Date of meeting or treaty signing : 2005 :
Location of meeting Bogotá)
9 (RLIN) 44366
245 10 - TITLE STATEMENT
Title Hábitat y el derecho a la vivienda digna /
Statement of responsibility, etc. Foro Hábitat y el Derecho a la Vivienda Digna ; compilador Arturo Moncaleano Archila.
250 ## - EDITION STATEMENT
Edition statement 1° edición.
260 ## - PUBLICATION, DISTRIBUTION, ETC.
Place of publication, distribution, etc. Bogotá :
Name of publisher, distributor, etc. Pontificia Universidad Javeriana :
-- Konrad Adenauer Stiftung,
Date of publication, distribution, etc. 2006.
300 ## - PHYSICAL DESCRIPTION
Extent 156 páginas :
Other physical details ilustraciones, fotos ;
Dimensions 24 cm.
440 #0 - SERIES STATEMENT/ADDED ENTRY--TITLE
Title Foro permanente
9 (RLIN) 44367
505 ## - FORMATTED CONTENTS NOTE
Formatted contents note 1. VIVIENDA – ASPECTOS SOCIALES – COLOMBIA. 2. HÁBITAT – COLOMBIA. 3. DERECHO A LA VIVIENDA – COLOMBIA. 4. CALIDAD DE LA VIVIENDA –<br/>COLOMBIA. 5. VIVIENDA POPULAR – COLOMBIA. 6. ORDENAMIENTO TERRITORIAL – COLOMBIA. 7. FORO.
650 24 - SUBJECT ADDED ENTRY--TOPICAL TERM
Topical term or geographic name entry element Vivienda
General subdivision Aspectos sociales
Geographic subdivision Colombia
Form subdivision Congresos, conferencias, etc.
Source of heading or term JMCR
9 (RLIN) 44368
650 24 - SUBJECT ADDED ENTRY--TOPICAL TERM
Topical term or geographic name entry element Vivienda popular
Geographic subdivision Colombia
Form subdivision Congresos, conferencias, etc.
Source of heading or term JMCR
9 (RLIN) 44369
650 24 - SUBJECT ADDED ENTRY--TOPICAL TERM
Topical term or geographic name entry element Ordenamiento territorial colombiano
Form subdivision Congresos, conferencias, etc.
Source of heading or term JMCR
9 (RLIN) 44370
650 24 - SUBJECT ADDED ENTRY--TOPICAL TERM
Topical term or geographic name entry element Calidad de vida
Geographic subdivision Colombia
Form subdivision Congresos, conferencias, etc.
Source of heading or term JMCR
9 (RLIN) 44371
700 10 - ADDED ENTRY--PERSONAL NAME
Personal name Moncaleano Archila, Arturo,
Relator term compilador.
9 (RLIN) 44372
942 ## - ADDED ENTRY ELEMENTS (KOHA)
Source of classification or shelving scheme Dewey Decimal Classification
Koha item type Books
Existencias
Withdrawn status Lost status Source of classification or shelving scheme Damaged status Not for loan Collection code Home library Current library Shelving location Date acquired Source of acquisition Total Checkouts Full call number Barcode Date last seen Copy number Price effective from Koha item type
    Dewey Decimal Classification     Non-fiction Biblioteca Pública José María del Castillo y Rada Biblioteca Pública José María del Castillo y Rada Book Cart 11/25/2016 Donación   363.5 F72h 430013177 09/29/2025 Ej.1 09/29/2025 Books